Porovnanie daňového zaťaženia MSP na Slovensku a vo vybranom štáte EU diplomová práca

Salvato in:
Dettagli Bibliografici
Autore principale: Vargová, Eva
Ente Autore: Fakulta podnikového manažmentu EU. Katedra podnikovohospodárska
Altri autori: Uhliar, Miroslav, 1981-
Natura: Libro
Lingua:slovacco
Pubblicazione: Bratislava 2015
Tags: Aggiungi Tag
Nessun Tag, puoi essere il primo ad aggiungerne!!

MARC

LEADER 00000nbm a2200000 4500
001 0202861
005 20161212101650.3
041 0 |a slo 
044 |a SK 
245 1 0 |a Porovnanie daňového zaťaženia MSP na Slovensku a vo vybranom štáte EU  |b diplomová práca  |c Eva Vargová ; školiteľ: Miroslav Uhliar 
264 1 |a Bratislava  |c 2015 
300 |a 75 s. 
100 1 |a Vargová, Eva 
700 1 |a Uhliar, Miroslav, 1981- 
710 2 |a Fakulta podnikového manažmentu EU. Katedra podnikovohospodárska